Представление документа в формате RUSMARC

ПолеНазваниеЗначение
  Тип записи a
  Библиографический уровень m
001 Контрольный номер 8390ff3fba304ef785b3dd6f89b7fa45
005 Дата корректировки 20140903110324.9
010 Индекс ISBN __
a ISBN 5-7749-0138-6
200 Заглавие и сведения об ответственности 1_
a Заглавие Роль банков в устранении кризисных явлений в российском обществе
e Сведения, относящиеся к заглавию Банковская деятельность в системе социально-экономической информации
f Первые сведения об ответственности Ассоц."Гражданская профессия"
f Первые сведения об ответственности Катрич Алексей Сергеевич
210 Выходные данные 1_
a Место издания М.
c Издательство Дело
d Дата издания 1999
215 Физическое описание __
a Объем 96 с.
300 Общие примечания __
a Общие примечания 5экз.
610 Ключевые слова 0_
a Ключевые слова банки
610 Ключевые слова 0_
a Ключевые слова кризис
686 Индексы других классификаций __
a Классификационный индекс 65.9(2)26
2 Код системы rubbk
686 Индексы других классификаций __
a Классификационный индекс 65.9(2)262.1
2 Код системы rubbk
700 Автор _1
a Фамилия Катрич Алексей Сергеевич
801 Источник записи _0
a Страна RU
b Организация РУК
c Дата составления 19991115
g Правила каталогизации PSBO
801 Источник записи _1
a Страна RU
b Организация РУК
c Дата составления 19991115
g Правила каталогизации PSBO
852 Данные о местонахождении __
i Авторский знак К 29
j Шифр хранения ББК 65.9(2)26
901 Тип документа __
t Тип документа m
938 Служебная информация __
a Название организации Головной вуз
b Имя БД BOOK
c Название АИБС АИБС ИРБИС